Mass media in a changing world : History, industry, controversy

The book introduces the world of media in an organized structure that makes the material intelligible and more meaningful to their lives. Each chapter is divided into unique three-part narrative sections: history, industry, and controversy. This structure makes clear the way industry practices devel...

詳細記述

保存先:
書誌詳細
第一著者: Rodman, George
フォーマット: 図書
言語:Undetermined
出版事項: New York McGraw-Hill 2006
主題:
タグ: タグ追加
タグなし, このレコードへの初めてのタグを付けませんか!
Thư viện lưu trữ: Trung tâm Học liệu Trường Đại học Cần Thơ
LEADER 00981nam a2200229Ia 4500
001 CTU_100404
008 210402s9999 xx 000 0 und d
020 |c 1180000 
082 |a 302.23 
082 |b R693 
100 |a Rodman, George 
245 0 |a Mass media in a changing world : 
245 0 |b History, industry, controversy 
245 0 |c George Rodman 
260 |a New York 
260 |b McGraw-Hill 
260 |c 2006 
520 |a The book introduces the world of media in an organized structure that makes the material intelligible and more meaningful to their lives. Each chapter is divided into unique three-part narrative sections: history, industry, and controversy. This structure makes clear the way industry practices developed historically and how those practices have resulted in today's issues 
650 |a Mass media 
650 |x Phương tiện truyền thông 
904 |i Liễu 
980 |a Trung tâm Học liệu Trường Đại học Cần Thơ